| 000 | 00458nam a2200157 i 4500 | ||
|---|---|---|---|
| 001 | 36289 | ||
| 003 | ES-MaACL | ||
| 005 | 20230906155335.0 | ||
| 007 | t| | ||
| 008 | 030217s1930 xxu ||||1| eng d | ||
| 100 | 1 |
_aBrinton, Clarence Crane. _931763 |
|
| 245 | 1 | 4 |
_aThe jaconibs _b: an essay in the new history / _cby Clarence Crane Brinton. |
| 260 |
_aNew York : _bMacmillan and CÂș, _c1930. |
||
| 300 |
_aX, 320 p. ; _c20 cm. |
||
| 852 |
_aES-MaACL _jF-13732 |
||
| 999 |
_c36289 _d36289 |
||